000 00593cam a2200217 4500500
005 20260405001132.0
041 _afre
042 _adc
100 1 0 _aLegros, Martin
_eauthor
245 0 0 _aRadar. Été 2011
260 _c2011.
500 _a16
690 _aBentham
690 _aBenvéniste
690 _aGrèce
690 _aProudhon
690 _aSamoa
690 _aSloterdijk
786 0 _nPhilosophie magazine | 51 | 7 | 2011-07-01 | p. 10-10 | 1951-1787
856 4 1 _uhttps://shs.cairn.info/magazine-philosophie-magazine-2011-7-page-10?lang=fr&redirect-ssocas=7080
999 _c2044435
_d2044435